000 00989nam a22002537a 4500
005 20240530110701.0
008 180110s2016 ua a g b 000 0dara d
017 _a2014/27014
_bمصر. دار الكتب
020 _a7897743851099
040 _aEG-CaGPL
_cEG-CaGPL
082 0 4 _221
_a361.37 /
_bم ر
100 0 _aمدحت محمد ابوالنصر
245 1 0 _aرؤية مستقبلية لتطوير العمل التطوعى فى الوطن العربى /
_cمدحت محمدابوالنصر
250 _aط. 1
260 _aالقاهرة :
_bالمكتب الجامعى الحديث ،
_c2016.
300 _a327 ص. :
_bجداول ؛
_c24 سم +
_eملاحق.
504 _aيشتمل على ارجاعات ببليوجرافية
650 0 7 _2qrmak
_aالتطوع
650 0 7 _2qrmak
_aالخدمة الاجتماعية التطوعية
650 0 7 _2qrmak
_aالمتطوعون
651 _2qrmak
942 _2ddc
_cBK
999 _c63842
_d63842